| 000 | 00837nam a22002537a 4500 | ||
|---|---|---|---|
| 999 |
_c14192 _d14192 |
||
| 003 | EG-ScBUE | ||
| 005 | 20210214095259.0 | ||
| 008 | 100623s1988 le f 000 1 ara d | ||
| 040 |
_aEG-ScBUE _bara _erda _cEG-ScBUE _dEG-ScBUE |
||
| 082 | 0 | 4 |
_a892.736 _bم ل و _222 |
| 100 | 1 |
_915137 _aالملوحي، مظهر، _eمؤلف. |
|
| 245 | 1 | 2 |
_aالليل الطويل / _cمظهر الملوحي. |
| 250 | _aالطبعة الأولى. | ||
| 264 | 1 |
_aبيروت : _bالمكتبة الثقافية، _c1988. |
|
| 300 |
_a456 صفحة ؛ _c24 سم |
||
| 336 |
_2rdacontent _aنص _btxt |
||
| 337 |
_2rdamedia _aبدون وسيط _bn |
||
| 338 |
_2rdacarrier _aمجلد _bnc |
||
| 650 | 4 |
_98441 _aالقصص العربية. _2BUEsh |
|
| 651 | _2BUEsh | ||
| 653 |
_bARALIT _cFebruary2021 |
||
| 655 |
_vReading book _934232 |
||
| 942 |
_2ddc _cBB |
||